| 000 | 00547nam a22002057a 4500 | ||
|---|---|---|---|
| 003 | OSt | ||
| 005 | 20240413144755.0 | ||
| 008 | 240413b |||||||| |||| 00| 0 eng d | ||
| 020 | _a9780735625365 | ||
| 040 | _cDDC | ||
| 082 | _a004.6 PRO 2008 | ||
| 100 | _4Fox, Steve [et...al] | ||
| 245 | _aProgramming Microsoft O ffice Business Applications | ||
| 260 |
_aWashington; _bMicrosoft Press, 2008 |
||
| 300 | _axxi,224p; ill: 23cm | ||
| 504 | _aIndex included | ||
| 650 | _2Programming language | ||
| 650 | _2Microsoft | ||
| 942 |
_2ddc _cO_SHELF |
||
| 999 |
_c8293 _d8293 |
||